[Event "Chess Festival Groningen 2019 A"]
[Site "Groningen , Netherlands"]
[Date "2019.12.28"]
[Round "7"]
[White "Sodoma, Jan"]
[Black "Haan, Gertjan"]
[Result "1/2-1/2"]
[WhiteElo "2312"]
[BlackElo "1936"]
[PlyCount "131"]
[EventDate "2019.12.??"]

1. Nf3 c5 2. c4 Nc6 3. Nc3 Nf6 4. d4 cxd4 5. Nxd4 e6 6. g3 Bb4 7. Bg2 d5 8. O-O
O-O 9. cxd5 Bxc3 10. bxc3 Nxd4 11. Qxd4 Nxd5 12. Rd1 Qc7 13. c4 Nb4 14. Qc3 Nc6
15. Ba3 Rd8 16. h4 Bd7 17. Bd6 Qc8 18. Rab1 Be8 19. Be4 f6 20. g4 e5 21. Qg3
Nd4 22. Rxd4 exd4 23. Bxb7 Qxc4 24. g5 fxg5 25. Bxa8 Rxa8 26. Qxg5 h6 27. Qg3
Qf7 28. Rb4 Rc8 29. Rxd4 Rc1+ 30. Kg2 Bc6+ 31. e4 Rc2 32. Bf4 Re2 33. Be3 Qe6
34. Qf4 Qg6+ 35. Kf3 Rxa2 36. Rd8+ Kh7 37. Rd6 Qh5+ 38. Kg3 Be8 39. Bd4 Ra3+
40. f3 Ra5 41. Re6 Bd7 42. Rd6 Qe8 43. Qd2 Rh5 44. Bxg7 Be6 45. Bc3 Qg6+ 46.
Kf2 Rxh4 47. Rd7+ Bf7 48. Be5 Rh1 49. Bg3 Qb6+ 50. Qd4 Qb3 51. Kg2 Rh5 52. Qxa7
Qc2+ 53. Qf2 Qc4 54. Qd2 Rg5 55. e5 Kg7 56. Qb2 Qf4 57. e6+ Kg6 58. Qf2 Bxe6
59. Rd4 Qf5 60. Rh4 Qe5 61. Kh2 Qf5 62. Bf4 Rh5 63. Qg3+ Kf7 64. Rxh5 Qxh5+ 65.
Kg2 Qg6 66. Qxg6+ 1/2-1/2

[Event "Chess Festival Groningen 2019 A"]
[Site "Groningen , Netherlands"]
[Date "2019.12.28"]
[Round "7"]
[White "Van Dael, Siem"]
[Black "Grutter, Tim"]
[Result "1/2-1/2"]
[WhiteElo "2255"]
[BlackElo "2214"]
[PlyCount "160"]
[EventDate "2019.12.??"]

1. a4 Nf6 2. Nf3 g6 3. g3 Bg7 4. Bg2 O-O 5. O-O d6 6. d3 e5 7. e4 Nc6 8. c3 Nd7
9. d4 h6 10. Re1 Kh7 11. h3 f5 12. exf5 gxf5 13. dxe5 dxe5 14. Qc2 e4 15. Nh2
Nc5 16. Be3 Qd3 17. Qd2 Qxd2 18. Nxd2 Nd3 19. Reb1 Kh8 20. Bf1 Rd8 21. f3 exf3
22. Nhxf3 Nce5 23. a5 f4 24. gxf4 Ng6 25. Ra4 Bf5 26. Nd4 Bxd4 27. Bxd4+ Kh7
28. Bxd3 Bxd3 29. Re1 Bf5 30. Rc4 Rd7 31. Ne4 Bxe4 32. Rxe4 Nh4 33. Kf2 Rg8 34.
Re2 a6 35. b4 c6 36. Rc5 Rdg7 37. Kf1 Rg3 38. Re3 Rxe3 39. Bxe3 Kg6 40. Ke2 Nf5
41. Bf2 Kf6 42. Re5 Rd8 43. Bb6 Rd6 44. Kf3 h5 45. Re8 Rd1 46. Rb8 Rd7 47. Rf8+
Ke6 48. Rg8 Kf6 49. Rf8+ Ke6 50. Bf2 Rd3+ 51. Ke4 Rd5 52. Bc5 Ng3+ 53. Ke3 Nf5+
54. Kf3 Rd1 55. Rb8 Rd7 56. Re8+ Kf6 57. Rh8 h4 58. Bf2 Ke6 59. Bxh4 Rd3+ 60.
Kg4 Rxc3 61. Re8+ Kf7 62. Rb8 Kg6 63. Rg8+ Kf7 64. Rg5 Nh6+ 65. Kh5 Rxh3 66.
Re5 Ng8 67. Kg4 Rb3 68. Re4 Nf6+ 69. Bxf6 Kxf6 70. Rd4 Rb1 71. Kf3 Kf5 72. Ke3
Rb3+ 73. Kd2 c5 74. bxc5 Rb5 75. Rc4 Rxa5 76. Kc3 Rb5 77. Kd3 a5 78. Kc3 Rb4
79. Rxb4 axb4+ 80. Kc4 Kxf4 1/2-1/2

[Event "Chess Festival Groningen 2019 A"]
[Site "Groningen , Netherlands"]
[Date "2019.12.28"]
[Round "7"]
[White "Van Hoorn, Geert"]
[Black "Kumar, Naman"]
[Result "1/2-1/2"]
[WhiteElo "2032"]
[BlackElo "2082"]
[PlyCount "168"]
[EventDate "2019.12.??"]

1. e4 e5 2. Nf3 Nc6 3. d4 exd4 4. Nxd4 Bc5 5. Nb3 Bb6 6. Nc3 d6 7. Qe2 Be6 8.
Be3 Bxe3 9. Qxe3 Nf6 10. f3 O-O 11. O-O-O Qe7 12. g4 Nd7 13. h4 Nde5 14. h5 h6
15. Be2 Nc4 16. Bxc4 Bxc4 17. f4 b5 18. g5 b4 19. gxh6 gxh6 20. Nd5 Bxd5 21.
Qg3+ Kh8 22. exd5 Nb8 23. Qe1 Qxe1 24. Rhxe1 Kg7 25. Re7 Na6 26. Rde1 Kf6 27.
Nd4 Rg8 28. Nb5 Rg4 29. Nxc7 Nxc7 30. Rxc7 Rxf4 31. Rd7 Kg5 32. Rxd6 Kxh5 33.
Rh1+ Kg4 34. Rdxh6 f5 35. d6 Rd8 36. Rg6+ Kf3 37. Rd1 Rg4 38. Rf6 f4 39. d7 Kf2
40. Rd2+ Kg3 41. Rd3+ Kh2 42. b3 Rg1+ 43. Kb2 Rf1 44. Re6 f3 45. Re8 f2 46. Rd2
Rxd7 47. Rxd7 Rb1+ 48. Kxb1 f1=Q+ 49. Kb2 Qf6+ 50. Kc1 Qa1+ 51. Kd2 Qc3+ 52.
Kd1 Qa1+ 53. Ke2 Qxa2 54. Kf3 Qa1 55. Re2+ Kg1 56. Rd3 Qf6+ 57. Ke3 Qh6+ 58.
Kd4 Qb6+ 59. Kc4 Kf1 60. Red2 a5 61. Rd6 Qb7 62. R2d5 Ke2 63. Re5+ Kf3 64. Rd3+
Kf4 65. Rxa5 Qc6+ 66. Kxb4 Qxc2 67. Rad5 Qc6 68. Ka3 Qc1+ 69. Ka4 Qc6+ 70. Kb4
Ke4 71. R3d4+ Ke3 72. Ka5 Qa8+ 73. Kb5 Qb7+ 74. Kc4 Qa6+ 75. Rb5 Qc6+ 76. Rc5
Qa6+ 77. Kc3 Qa1+ 78. Kb4 Qxd4+ 79. Rc4 Qb6+ 80. Kc3 Qa6 81. Kb2 Qd6 82. Ka2
Kd3 83. Kb2 Qe5+ 84. Ka2 Qe1 1/2-1/2

[Event "Chess Festival Groningen 2019 A"]
[Site "Groningen , Netherlands"]
[Date "2019.12.28"]
[Round "7"]
[White "Van Randtwijk, Mick"]
[Black "Rut, Vojtech"]
[Result "1-0"]
[WhiteElo "2047"]
[BlackElo "2119"]
[PlyCount "48"]
[EventDate "2019.12.??"]

1. e4 Nf6 2. e5 Nd5 3. d4 d6 4. c4 Nb6 5. exd6 exd6 6. Nc3 Nc6 7. Be3 Be7 8.
Bd3 Nb4 9. Nge2 Nxd3+ 10. Qxd3 O-O 11. O-O d5 12. c5 Nc4 13. Bc1 c6 14. b3 Na5
15. Nf4 b6 16. Qg3 Bf5 17. Bb2 Bg5 18. Rfe1 Qf6 19. cxb6 Qh6 20. Bc1 Rfe8 21.
Be3 axb6 22. Ncxd5 Rxe3 23. fxe3 Be6 24. h3 Nb7 1-0

[Event "Chess Festival Groningen 2019 A"]
[Site "Groningen , Netherlands"]
[Date "2019.12.28"]
[Round "7"]
[White "Van Roon, Sjoerd"]
[Black "Theulings, Paul-Peter"]
[Result "1-0"]
[WhiteElo "2080"]
[BlackElo "2070"]
[PlyCount "86"]
[EventDate "2019.12.??"]

1. e4 e5 2. Nf3 Nc6 3. Bc4 Nf6 4. d3 Bc5 5. c3 a6 6. Bb3 d6 7. Nbd2 Ba7 8. h3
Be6 9. Bc2 d5 10. Ng5 Bc8 11. O-O h6 12. Ngf3 dxe4 13. dxe4 Be6 14. Re1 O-O 15.
Nf1 Qxd1 16. Rxd1 Rfd8 17. Be3 Bxe3 18. Nxe3 g6 19. b3 Kf8 20. a3 Nh5 21. c4
Nf4 22. Kf1 a5 23. Nd5 Rac8 24. Rd2 f6 25. Nxf6 Rxd2 26. Nxd2 Nd4 27. Bd1 c6
28. Nf3 Nxf3 29. Bxf3 a4 30. Bg4 Ke7 31. Bxe6 Kxe6 32. Ng4 axb3 33. Rb1 b5 34.
Rxb3 bxc4 35. Rb4 Rd8 36. Ne3 Rd3 37. Rxc4 Rxa3 38. Rxc6+ Ke7 39. Nd5+ Nxd5 40.
exd5 Kf7 41. Re6 Rd3 42. Rxe5 Kf8 43. f4 g5 1-0

[Event "Chess Festival Groningen 2019 A"]
[Site "Groningen , Netherlands"]
[Date "2019.12.28"]
[Round "7"]
[White "Varshini, V."]
[Black "Maris, Ivo"]
[Result "0-1"]
[WhiteElo "2227"]
[BlackElo "2413"]
[PlyCount "68"]
[EventDate "2019.12.??"]

1. e4 d6 2. d4 Nf6 3. Nc3 Nbd7 4. Nf3 e5 5. Be2 c6 6. O-O b5 7. d5 b4 8. dxc6
bxc3 9. cxd7+ Bxd7 10. Bc4 cxb2 11. Bxb2 Be7 12. Ba3 Bc6 13. Ng5 O-O 14. Qd3 h6
15. Nxf7 Rxf7 16. Bxf7+ Kxf7 17. Qc4+ d5 18. Qxc6 Bxa3 19. Rad1 Rc8 20. Qa4 Bc5
21. exd5 Qd6 22. c4 Bb6 23. Qb3 e4 24. Rde1 Qc5 25. Rc1 Kg8 26. Qh3 Re8 27. Kh1
Re5 28. Rc3 Kh7 29. f4 Rh5 30. Qe6 e3 31. d6 Qd4 32. Rcc1 Ne4 33. Qg4 e2 34.
Qxh5 Qg1+ 0-1

[Event "Chess Festival Groningen 2019 A"]
[Site "Groningen , Netherlands"]
[Date "2019.12.28"]
[Round "7"]
[White "Wedda, Dries"]
[Black "Albers, Sasa"]
[Result "1-0"]
[WhiteElo "2209"]
[BlackElo "1997"]
[PlyCount "93"]
[EventDate "2019.12.??"]

1. e4 c6 2. Nc3 d5 3. Nf3 Bg4 4. h3 Bxf3 5. Qxf3 e6 6. d3 Nf6 7. g3 Bb4 8. Bd2
d4 9. Nb1 Bxd2+ 10. Nxd2 e5 11. Bg2 O-O 12. O-O c5 13. Qe2 Nc6 14. f4 Qc7 15.
f5 Ne8 16. g4 f6 17. h4 Nd6 18. Rf3 Kh8 19. Rg3 b5 20. a3 Na5 21. g5 c4 22. Nf3
cxd3 23. cxd3 Rac8 24. h5 Qc2 25. Re1 Qxe2 26. Rxe2 Nb3 27. Bf1 Rg8 28. Nh4
fxg5 29. Rxg5 Nf7 30. Rg3 Nc5 31. Bh3 Nd7 32. Ng6+ hxg6 33. fxg6 Rc1+ 34. Kh2
Nf6 35. gxf7 Rf8 36. Be6 Rc6 37. h6 gxh6 38. Bb3 h5 39. Reg2 Ng4+ 40. Rxg4 hxg4
41. Rxg4 Kh7 42. Rg8 Rcc8 43. Kg3 Kh6 44. Kg4 b4 45. axb4 a5 46. bxa5 Rce8 47.
fxe8=R 1-0

[Event "Chess Festival Groningen 2019 A"]
[Site "Groningen , Netherlands"]
[Date "2019.12.28"]
[Round "7"]
[White "Woong, Zhi Wei William"]
[Black "Van Foreest, Machteld"]
[Result "1-0"]
[WhiteElo "2222"]
[BlackElo "2187"]
[PlyCount "101"]
[EventDate "2019.12.??"]

1. e4 e5 2. Nf3 Nc6 3. Bb5 Nf6 4. d3 Bc5 5. Bxc6 dxc6 6. h3 Qe7 7. a3 a5 8. a4
b5 9. Nc3 Bd7 10. Be3 O-O 11. O-O Rfd8 12. Qc1 Bxe3 13. fxe3 Nh5 14. Qe1 g6 15.
axb5 cxb5 16. Nd5 Qd6 17. g4 Ng7 18. Qh4 f5 19. Nf6+ Kf7 20. Nxd7 Rxd7 21. Ng5+
Ke8 22. Qxh7 Qf6 23. Qh6 Qd6 24. exf5 gxf5 25. Qxd6 Rxd6 26. Nf3 fxg4 27. hxg4
Re6 28. Kf2 Kd7 29. Ke2 Ne8 30. Rh1 Re7 31. Rh5 Kd6 32. d4 exd4 33. Nxd4 Ng7
34. Nxb5+ Kc6 35. Nd4+ Kd6 36. Rhxa5 Rae8 37. R1a3 c5 38. Nf5+ Nxf5 39. gxf5
Rb7 40. Rd3+ Kc6 41. Ra6+ Kb5 42. Re6 Rxe6 43. fxe6 Re7 44. Rd6 c4 45. e4 Kc5
46. e5 Rb7 47. Ke3 Rh7 48. Rd7 Rh6 49. e7 Re6 50. Ke4 Kc6 51. Rd6+ 1-0

[Event "Chess Festival Groningen 2019 A"]
[Site "Groningen , Netherlands"]
[Date "2019.12.28"]
[Round "7"]
[White "Ypma, Jord"]
[Black "Shakhverdian, William"]
[Result "1/2-1/2"]
[WhiteElo "2070"]
[BlackElo "2039"]
[PlyCount "55"]
[EventDate "2019.12.??"]

1. d4 d5 2. c4 c6 3. Nf3 Nf6 4. Nc3 Bf5 5. cxd5 Nxd5 6. g3 h6 7. Bg2 e6 8. O-O
Nd7 9. Nd2 Bh7 10. e4 Nxc3 11. bxc3 e5 12. Rb1 Qc7 13. Nc4 b5 14. Nxe5 Nxe5 15.
dxe5 Qxe5 16. Bf4 Qe6 17. a4 a6 18. axb5 axb5 19. Ra1 Rd8 20. Qf3 Bc5 21. e5
O-O 22. Ra6 Rd3 23. Qxc6 Qxc6 24. Bxc6 Rxc3 25. Be3 Bb4 26. Rb6 Bc5 27. Ra6 Bb4
28. Rb6 1/2-1/2

[Event "Chess Festival Groningen 2019 A"]
[Site "Groningen , Netherlands"]
[Date "2019.12.28"]
[Round "7.1"]
[White "Fier, Alexandr"]
[Black "Poetsch, Hagen"]
[Result "1/2-1/2"]
[WhiteElo "2528"]
[BlackElo "2522"]
[PlyCount "134"]
[EventDate "2019.12.??"]

1. c4 c6 2. Nc3 d5 3. e3 Nf6 4. d4 e6 5. Nf3 Nbd7 6. Qc2 Bd6 7. Bd3 O-O 8. O-O
e5 9. cxd5 cxd5 10. e4 exd4 11. Nxd5 Nxd5 12. exd5 h6 13. Nxd4 Qh4 14. Nf3 Qh5
15. Bh7+ Kh8 16. Qf5 Qxf5 17. Bxf5 Nf6 18. Bxc8 Rfxc8 19. Rd1 Rd8 20. Be3 Be7
21. d6 Rxd6 22. Rxd6 Bxd6 23. Bd4 Ne4 24. Re1 Ng5 25. Nxg5 hxg5 26. Be3 Rc8 27.
Rd1 Bf4 28. Bxa7 Ra8 29. Bd4 Rxa2 30. g3 Bd6 31. Bc3 Ra6 32. Rd5 f6 33. Rb5 b6
34. Rd5 Bc5 35. Rd8+ Kh7 36. b4 Be7 37. Rd7 Ra3 38. Rxe7 Rxc3 39. Re6 b5 40.
Rb6 Rb3 41. Rxb5 Rb1+ 42. Kg2 g4 43. h3 f5 44. Rb7 Kh6 45. b5 gxh3+ 46. Kxh3 g5
47. Rb6+ Kh5 48. Rb8 g4+ 49. Kg2 Kg6 50. b6 Kg7 51. f4 gxf3+ 52. Kxf3 Rb4 53.
Ke3 Rg4 54. Rd8 Rxg3+ 55. Kd4 Rb3 56. Kc5 Kf6 57. Rd4 Ke6 58. Kc6 Rc3+ 59. Kb7
Rb3 60. Ra4 Ke5 61. Kc6 f4 62. b7 Rxb7 63. Kxb7 f3 64. Kc6 f2 65. Ra1 Ke4 66.
Rf1 Ke3 67. Rxf2 Kxf2 1/2-1/2

[Event "Chess Festival Groningen 2019 A"]
[Site "Groningen , Netherlands"]
[Date "2019.12.28"]
[Round "7.5"]
[White "Gomes, Mary Ann"]
[Black "Tiviakov, Sergei"]
[Result "1-0"]
[WhiteElo "2324"]
[BlackElo "2615"]
[PlyCount "85"]
[EventDate "2019.12.??"]

1. Nf3 Nf6 2. g3 b6 3. Bg2 Bb7 4. O-O e6 5. c4 Be7 6. Nc3 O-O 7. Re1 d5 8. cxd5
exd5 9. d4 Ne4 10. Qc2 Nc6 11. Nxe4 Nb4 12. Nf6+ Bxf6 13. Qb3 Nc6 14. Qd1 Re8
15. h4 h6 16. Bf4 Re4 17. Rc1 Nxd4 18. Rxc7 Ba6 19. Nxd4 Rxf4 20. gxf4 Qxc7 21.
e3 Bxh4 22. Bxd5 Rd8 23. Nc6 Rf8 24. Qa4 Qd6 25. Qe4 Bb7 26. Rc1 Kh8 27. b4 Qd7
28. Qf3 b5 29. Rc5 Bf6 30. Rxb5 a6 31. Rc5 Qd6 32. a3 Bb2 33. e4 Rc8 34. Na5
Rxc5 35. bxc5 Qg6+ 36. Qg2 Bc8 37. Qxg6 fxg6 38. Nc4 Bc1 39. e5 Bxf4 40. e6 Bg5
41. Nb6 Bc1 42. Nc4 Bg5 43. Nb6 1-0

[Event "Chess Festival Groningen 2019 A"]
[Site "Groningen , Netherlands"]
[Date "2019.12.29"]
[Round "8"]
[White "Albers, Sasa"]
[Black "Rut, Vojtech"]
[Result "1-0"]
[WhiteElo "1997"]
[BlackElo "2119"]
[PlyCount "115"]
[EventDate "2019.12.??"]

1. e4 Nf6 2. e5 Nd5 3. d4 d6 4. c4 Nb6 5. f4 g6 6. Be3 Bg7 7. Be2 O-O 8. Nf3
Be6 9. Nbd2 dxe5 10. fxe5 c5 11. d5 Bf5 12. Bxc5 N8d7 13. Bd4 Qc7 14. O-O Nxe5
15. Nxe5 Bxe5 16. Nf3 Bf4 17. b3 e5 18. Bb2 e4 19. Nh4 Bxh2+ 20. Kh1 Be5 21. d6
Qxd6 22. Qxd6 Bxd6 23. Nxf5 gxf5 24. Rxf5 Be7 25. Raf1 Nd7 26. R1f4 f6 27. Rxe4
Bd6 28. Rd5 Rfe8 29. Bf3 Be5 30. Rxd7 Bxb2 31. Rxb7 Rad8 32. Rxa7 Rd1+ 33. Bxd1
Rxe4 34. Ra8+ Kg7 35. Bf3 Re1+ 36. Kh2 Be5+ 37. g3 Re3 38. Kg2 Rc3 39. Ra7+ Kh6
40. Be4 Rxg3+ 41. Kf2 Rg7 42. Rxg7 Kxg7 43. a4 Bc3 44. Ke3 h5 45. c5 Kf7 46.
Bf5 Ke7 47. Kd3 Be1 48. Kc4 Kd8 49. b4 Kc7 50. b5 Ba5 51. b6+ Bxb6 52. cxb6+
Kxb6 53. Kb4 h4 54. a5+ Ka6 55. Bc8+ Ka7 56. Kb5 Kb8 57. Bg4 Ka7 58. a6 1-0

[Event "Chess Festival Groningen 2019 A"]
[Site "Groningen , Netherlands"]
[Date "2019.12.29"]
[Round "8"]
[White "Ananya Rishi Gupta"]
[Black "Van Hoorn, Geert"]
[Result "0-1"]
[WhiteElo "2037"]
[BlackElo "2032"]
[PlyCount "92"]
[EventDate "2019.12.??"]

1. e4 c5 2. Nf3 d6 3. d4 cxd4 4. Nxd4 Nf6 5. Nc3 g6 6. f3 Bg7 7. Be3 O-O 8. Qd2
Nc6 9. O-O-O d5 10. Qe1 e5 11. Nxc6 bxc6 12. exd5 Nxd5 13. Bc4 Be6 14. Bb3 a5
15. h4 f5 16. Nxd5 cxd5 17. Qd2 Qf6 18. Bxd5 f4 19. Bf2 Rfd8 20. Bxe6+ Qxe6 21.
Qxd8+ Rxd8 22. Rxd8+ Kf7 23. Rhd1 Qxa2 24. R1d7+ Kf6 25. h5 Qc4 26. Bh4+ g5 27.
Rd6+ Kf5 28. h6 Bf6 29. Rf8 Qf1+ 30. Kd2 Qxg2+ 31. Ke1 Qg1+ 32. Ke2 Qe3+ 33.
Kf1 Qxf3+ 34. Bf2 e4 35. Rdxf6+ Kg4 36. Ke1 e3 37. Bxe3 Qxe3+ 38. Kd1 Kf3 39.
b3 Kf2 40. c4 Qxb3+ 41. Kd2 Qxc4 42. Rf5 a4 43. R8f7 a3 44. Rxh7 Qd4+ 45. Kc1
a2 46. Ra5 Qc3+ 0-1

[Event "Chess Festival Groningen 2019 A"]
[Site "Groningen , Netherlands"]
[Date "2019.12.29"]
[Round "8"]
[White "Balje, Jan"]
[Black "Hilwerda, Jonas"]
[Result "1/2-1/2"]
[WhiteElo "2179"]
[BlackElo "2228"]
[PlyCount "42"]
[EventDate "2019.12.??"]

1. d4 Nf6 2. c4 g6 3. Nc3 Bg7 4. e4 d6 5. Nf3 O-O 6. h3 e5 7. d5 Nh5 8. g3 f5
9. exf5 gxf5 10. Nh4 Nf4 11. Bd2 Bd7 12. Qc2 a5 13. gxf4 Qxh4 14. fxe5 dxe5 15.
Rg1 Kh8 16. O-O-O Bf6 17. f4 e4 18. Be3 Na6 19. a3 Rg8 20. Rxg8+ Rxg8 21. c5
Rg6 1/2-1/2

[Event "Chess Festival Groningen 2019 A"]
[Site "Groningen , Netherlands"]
[Date "2019.12.29"]
[Round "8"]
[White "Elgersma, Onno"]
[Black "Nicolai, Amir"]
[Result "1/2-1/2"]
[WhiteElo "2319"]
[BlackElo "2108"]
[PlyCount "103"]
[EventDate "2019.12.??"]

1. e4 c5 2. Nf3 Nc6 3. d4 cxd4 4. Nxd4 e5 5. Nb5 d6 6. c4 Be7 7. N1c3 a6 8. Na3
Be6 9. Nc2 Rc8 10. b3 Nf6 11. Be2 b5 12. cxb5 Na7 13. Bd2 d5 14. exd5 Nxd5 15.
Nxd5 Bxd5 16. Ne3 Nxb5 17. Nxd5 Qxd5 18. O-O O-O 19. Bc4 Qd6 20. Be3 Nd4 21.
Qh5 g6 22. Qh3 Bf6 23. Rad1 Rcd8 24. Kh1 Qa3 25. Rd2 Nf5 26. Rxd8 Rxd8 27. Qf3
h5 28. Qb7 Nd6 29. Qb6 Kg7 30. Bd5 Qxa2 31. Bc5 Qe2 32. Ra1 Qd3 33. Bf3 Nc8 34.
Qxa6 Qc3 35. Qa5 e4 36. Qxc3 Bxc3 37. Rd1 Rxd1+ 38. Bxd1 Kf6 39. b4 Ke5 40. Bb3
Nd6 41. Kg1 f6 42. Kf1 h4 43. Ke2 Nb7 44. Bf7 Nxc5 45. bxc5 g5 46. c6 Kd6 47.
Be8 Bd4 48. g3 Bb6 49. gxh4 gxh4 50. h3 Bd4 51. Bg6 Kxc6 52. Bxe4+ 1/2-1/2

[Event "Chess Festival Groningen 2019 A"]
[Site "Groningen , Netherlands"]
[Date "2019.12.29"]
[Round "8"]
[White "Gijsen, William"]
[Black "Boersma, Jan"]
[Result "1-0"]
[WhiteElo "1948"]
[BlackElo "2069"]
[PlyCount "105"]
[EventDate "2019.12.??"]

1. d4 Nf6 2. c4 g6 3. Nc3 Bg7 4. Nf3 O-O 5. Bg5 d6 6. e3 Nbd7 7. Be2 c6 8. Qc2
Qe8 9. O-O a6 10. a4 e5 11. Rfe1 h6 12. Bh4 e4 13. Nd2 d5 14. cxd5 cxd5 15. f3
exf3 16. Bxf3 Qe6 17. Qb3 g5 18. Bg3 g4 19. Bxd5 Nxd5 20. Nxd5 b6 21. Nc7 Qxb3
22. Nxb3 Ra7 23. Bd6 Nf6 24. Bxf8 Bxf8 25. Rac1 Bd7 26. a5 bxa5 27. e4 Bb4 28.
Re2 a4 29. Nd2 Ba5 30. Nd5 Nxd5 31. exd5 Bb6 32. Re4 f5 33. Re7 Bxd4+ 34. Kh1
Bxb2 35. Rc8+ Bxc8 36. Rxa7 a3 37. Ra8 a2 38. Nb3 a1=Q+ 39. Nxa1 Bxa1 40. Rxc8+
Kf7 41. Ra8 Bd4 42. Rxa6 h5 43. g3 Be3 44. Re6 f4 45. Re4 Kf6 46. d6 Kf5 47. d7
Kxe4 48. d8=Q f3 49. Qe8+ Kd3 50. Qxh5 f2 51. Kg2 Ke2 52. Qxg4+ Ke1 53. Qf3 1-0

[Event "Chess Festival Groningen 2019 A"]
[Site "Groningen , Netherlands"]
[Date "2019.12.29"]
[Round "8"]
[White "Haan, Gertjan"]
[Black "Van Dael, Siem"]
[Result "1/2-1/2"]
[WhiteElo "1936"]
[BlackElo "2255"]
[PlyCount "59"]
[EventDate "2019.12.??"]

1. d4 Nf6 2. c4 g6 3. Nc3 Bg7 4. e4 d6 5. f3 O-O 6. Be3 c5 7. dxc5 dxc5 8. Qxd8
Rxd8 9. Bxc5 Nc6 10. Nd5 e6 11. Ne7+ Nxe7 12. Bxe7 Rd7 13. Ba3 b6 14. Rd1 Ba6
15. b3 Rad8 16. Rxd7 Nxd7 17. Bb4 Ne5 18. Bd2 f5 19. exf5 exf5 20. Nh3 Nc6 21.
Nf4 Nd4 22. Nd5 Bb7 23. Bd3 Bxd5 24. cxd5 b5 25. Be3 Rxd5 26. Bxd4 Bxd4 27. Kd2
Bf6 28. g3 Rc5 29. Rc1 Rxc1 30. Kxc1 1/2-1/2

[Event "Chess Festival Groningen 2019 A"]
[Site "Groningen , Netherlands"]
[Date "2019.12.29"]
[Round "8"]
[White "Kokje, Joris"]
[Black "Wedda, Dries"]
[Result "1-0"]
[WhiteElo "2222"]
[BlackElo "2209"]
[PlyCount "51"]
[EventDate "2019.12.??"]

1. e4 e5 2. Nf3 Nc6 3. d4 exd4 4. Nxd4 Nf6 5. Nxc6 bxc6 6. e5 Qe7 7. Qe2 Nd5 8.
c4 Ba6 9. b3 g6 10. Bb2 Bg7 11. g3 O-O 12. Bg2 Nb6 13. O-O d5 14. Nd2 Rab8 15.
Rac1 dxc4 16. bxc4 Rfd8 17. Nb3 Qe6 18. Nc5 Bxc4 19. Nxe6 Bxe2 20. Nxd8 Rxd8
21. Rfe1 Rd2 22. Ba1 Rxa2 23. Rxc6 Nc4 24. Bd5 Rxa1 25. Rxa1 Nxe5 26. Rxc7 1-0

[Event "Chess Festival Groningen 2019 A"]
[Site "Groningen , Netherlands"]
[Date "2019.12.29"]
[Round "8"]
[White "Kolbus, Dietmar"]
[Black "Van Roon, Sjoerd"]
[Result "1/2-1/2"]
[WhiteElo "2294"]
[BlackElo "2080"]
[PlyCount "58"]
[EventDate "2019.12.??"]

1. c4 Nf6 2. Nc3 g6 3. e4 d6 4. d4 Bg7 5. Bd3 O-O 6. Nge2 e5 7. d5 Ne8 8. Be3
f5 9. f3 f4 10. Bf2 Nd7 11. Na4 Bf6 12. h4 Ng7 13. Qd2 Nh5 14. O-O-O Nb6 15.
Nac3 c6 16. Kb1 cxd5 17. exd5 Rf7 18. Ne4 Bf5 19. b3 a5 20. a4 Bxe4 21. Bxe4
Nd7 22. Nc3 b6 23. Bc2 Nc5 24. Ne4 Be7 25. Rh3 Kf8 26. Re1 Ke8 27. Qd1 Kd7 28.
Nc3 Bf6 29. Ne4 Be7 1/2-1/2

[Event "Chess Festival Groningen 2019 A"]
[Site "Groningen , Netherlands"]
[Date "2019.12.29"]
[Round "8"]
[White "Kumar, Naman"]
[Black "Tabak, Stefan"]
[Result "1-0"]
[WhiteElo "2082"]
[BlackElo "2166"]
[PlyCount "78"]
[EventDate "2019.12.??"]

1. e4 d6 2. d4 g6 3. Nc3 Bg7 4. f4 Nf6 5. Nf3 c5 6. dxc5 Qa5 7. Bd3 Qxc5 8. Qe2
O-O 9. Be3 Qa5 10. O-O Bg4 11. h3 Bxf3 12. Qxf3 Nc6 13. Ne2 Rac8 14. c3 a6 15.
g4 e6 16. h4 h5 17. g5 Ng4 18. Ng3 f5 19. Rfd1 Kh8 20. Bc2 Qc7 21. Nf1 Rce8 22.
Nh2 e5 23. exf5 e4 24. Qe2 Nxe3 25. Qxe3 Rxf5 26. Bb3 d5 27. Rxd5 Rxf4 28. Rd7
Qxd7 29. Qxf4 Re7 30. Re1 Kh7 31. Rxe4 Ne5 32. Nf3 Nxf3+ 33. Qxf3 Qe8 34. Bc2
Be5 35. Rb4 b5 36. Qxh5+ Kg7 37. Qh6+ Kg8 38. Bb3+ Re6 39. h5 Qd7 1-0

[Event "Chess Festival Groningen 2019 A"]
[Site "Groningen , Netherlands"]
[Date "2019.12.29"]
[Round "8"]
[White "Lubbe, Melanie"]
[Black "Van Randtwijk, Mick"]
[Result "1-0"]
[WhiteElo "2279"]
[BlackElo "2047"]
[PlyCount "79"]
[EventDate "2019.12.??"]

1. e4 c5 2. Nf3 d6 3. d4 cxd4 4. Nxd4 Nf6 5. Nc3 a6 6. Be3 e5 7. Nf3 Be7 8. Bc4
O-O 9. O-O Be6 10. Bb3 b5 11. a3 h6 12. Nh4 Nbd7 13. Bxe6 fxe6 14. Ng6 Re8 15.
Qf3 Nb6 16. Nxe7+ Rxe7 17. Bxh6 d5 18. Bg5 Rf7 19. exd5 exd5 20. Rad1 Qe8 21.
Qe2 Rd8 22. Rd3 Qe6 23. Ne4 Rc8 24. Nxf6+ gxf6 25. Bh6 Qf5 26. c3 Kh8 27. Rf3
Qg6 28. Re3 Nc4 29. Rh3 Rh7 30. Qf3 Rd8 31. Rg3 Qf7 32. Bc1 Qe6 33. Rg6 Rf8 34.
Bg5 Rhf7 35. Bxf6+ Qxf6 36. Rxf6 Rxf6 37. Qh5+ Kg8 38. b3 Nb6 39. Qxe5 Rf5 40.
Qe6+ 1-0

[Event "Chess Festival Groningen 2019 A"]
[Site "Groningen , Netherlands"]
[Date "2019.12.29"]
[Round "8"]
[White "Markus, John Raymond"]
[Black "Bruil, Rembrandt"]
[Result "1-0"]
[WhiteElo "1996"]
[BlackElo "2206"]
[PlyCount "99"]
[EventDate "2019.12.??"]

1. d4 d5 2. Nf3 Nf6 3. c4 e6 4. Nc3 Be7 5. e3 O-O 6. Bd3 c5 7. O-O b6 8. b3 Bb7
9. Bb2 Nbd7 10. Qe2 Rc8 11. Rfd1 Qc7 12. Ne5 dxc4 13. bxc4 Rfd8 14. Nb5 Qb8 15.
Nxd7 Nxd7 16. d5 exd5 17. cxd5 a6 18. Bf5 g6 19. Bxd7 Rxd7 20. Nc3 Re8 21. Qf3
Qd8 22. e4 Bf6 23. Na4 Bxb2 24. Nxb2 Qe7 25. Nc4 Qxe4 26. Nxb6 Rd6 27. Qxe4
Rxe4 28. Rab1 Rb4 29. Rxb4 cxb4 30. Nc4 Rxd5 31. Rb1 Rc5 32. Ne3 Be4 33. Rd1 f5
34. f3 f4 35. Ng4 Bf5 36. Rd4 Bxg4 37. fxg4 a5 38. Rd2 a4 39. Rd4 g5 40. Rxb4
Rc1+ 41. Kf2 Rc2+ 42. Kf3 Rxa2 43. h4 gxh4 44. Kxf4 a3 45. Re4 Rf2+ 46. Kg5 a2
47. Ra4 Rxg2 48. Ra7 Kf8 49. Kh5 Ke8 50. Kh6 1-0

[Event "Chess Festival Groningen 2019 A"]
[Site "Groningen , Netherlands"]
[Date "2019.12.29"]
[Round "8"]
[White "Pacher, Milan"]
[Black "Berndt, Matthias"]
[Result "1-0"]
[WhiteElo "2427"]
[BlackElo "2065"]
[PlyCount "51"]
[EventDate "2019.12.??"]

1. d4 d5 2. c4 dxc4 3. e4 c5 4. d5 Nf6 5. Nc3 e6 6. Bxc4 exd5 7. Nxd5 Nxd5 8.
Bxd5 Be7 9. Nf3 O-O 10. O-O Qb6 11. Ne5 Be6 12. Nc4 Qa6 13. b3 Rd8 14. Bb2 Nd7
15. Qf3 Bxd5 16. exd5 Bf6 17. Rab1 b5 18. Ne3 Qxa2 19. Bxf6 Nxf6 20. Nf5 g6 21.
Ne7+ Kg7 22. d6 c4 23. Nc6 Re8 24. Qc3 Re4 25. d7 b4 26. Qf3 1-0

[Event "Chess Festival Groningen 2019 A"]
[Site "Groningen , Netherlands"]
[Date "2019.12.29"]
[Round "8"]
[White "Simet, Martin"]
[Black "Harshini A"]
[Result "1/2-1/2"]
[WhiteElo "2257"]
[BlackElo "2076"]
[PlyCount "55"]
[EventDate "2019.12.??"]

1. c4 e5 2. Nc3 Nf6 3. g3 d5 4. cxd5 Nxd5 5. Nf3 Nc6 6. Bg2 Nb6 7. O-O Be7 8.
d3 O-O 9. a3 a5 10. Be3 Be6 11. Rc1 Nd5 12. Nxd5 Bxd5 13. Bc5 f6 14. Qa4 b6 15.
Bxe7 Nxe7 16. e4 Bf7 17. d4 exd4 18. Nxd4 c5 19. Nf5 Nxf5 20. exf5 Rb8 21. Rcd1
Qc8 22. g4 c4 23. Bc6 b5 24. Bxb5 Qc5 25. Bd7 Rxb2 26. Be6 Bxe6 27. fxe6 Qb5
28. Qxb5 1/2-1/2